Countries Gjorge Ivanov Visited - Statistics

General Stats
  • This quiz has been taken 12 times
  • The average score is 25 of 28
Answer Stats
Continent Country % Correct
Europe Albania
100%
Europe Austria
100%
Europe Bosnia and Herzegovina
100%
Europe Bulgaria
100%
Europe Croatia
100%
Europe Czech Republic
100%
Europe Estonia
100%
Europe Italy
100%
Europe Latvia
100%
Europe Lithuania
100%
Europe Montenegro
100%
Asia China
89%
Europe Hungary
89%
Europe Moldova
89%
Europe Romania
89%
Asia/ Europe Russia
89%
Europe Serbia
89%
Europe Slovenia
89%
Europe Switzerland
89%
Asia/ Europe Turkey
89%
Europe Ukraine
89%
Europe United Kingdom
89%
Asia Azerbaijan
78%
Europe Monaco
78%
Europe Poland
78%
Europe Vatican City
78%
Africa Morocco
67%
Asia Qatar
56%
No matching quizzes found
Score Distribution
Percent of People with Each Score
Percentile by Number Answered
Your Score History
You have not taken this quiz